[Event "Bolduc III - section B"]
[Site "Montreal CAN"]
[Date "2004.03.29"]
[Round "2"]
[White "Robidas, Francois"]
[Black "Laframboise, Marc-Andre"]
[Result "0-1"]
[WhiteElo "1995"]
[BlackElo "2094"]
[PlyCount "86"]
[GameId "2160767911175293"]
[EventDate "2004.03.22"]
[EventType "tourn"]
[EventRounds "9"]
[EventCountry "CAN"]
[SourceTitle "EXT 2006"]
[Source "ChessBase"]
[SourceDate "2005.11.24"]
[SourceVersion "1"]
[SourceVersionDate "2005.11.24"]
[SourceQuality "1"]

1. e4 c5 2. c3 Nf6 3. e5 Nd5 4. d4 cxd4 5. Nf3 e6 6. cxd4 Nc6 7. Bc4 Nb6 8. Bb5 Be7 9. Nc3 O-O 10. O-O Nb4 11. a3 N4d5 12. Bd3 Nxc3 13. bxc3 d6 14. Re1 dxe5 15. Nxe5 Nd7 16. Bb2 Nxe5 17. Rxe5 g6 18. g3 Bd7 19. h4 Bc6 20. Qe2 Bf6 21. Re3 Rc8 22. Rd1 a6 23. h5 Kg7 24. c4 Qb6 25. c5 Qd8 26. Be4 Bxe4 27. Rxe4 Qd5 28. Rf4 Rfd8 29. Qg4 Qxh5 30. Qxh5 gxh5 31. Rd3 e5 32. Rf5 exd4 33. Rdf3 Rc6 34. Kf1 Re6 35. R3f4 Kg6 36. Rf3 Rd7 37. R5f4 Be5 38. Re4 d3 39. Bxe5 d2 40. Kg2 d1=Q 41. g4 h4 42. Rf5 h3+ 43. Kh2 Qf1 0-1

[Event "Bolduc III - section B"]
[Site "Montreal CAN"]
[Date "2004.04.05"]
[Round "3"]
[White "Corriveau, Philippe"]
[Black "Gagnon, Michel"]
[Result "1-0"]
[WhiteElo "2038"]
[BlackElo "2163"]
[PlyCount "93"]
[GameId "2160767911175296"]
[EventDate "2004.03.22"]
[EventType "tourn"]
[EventRounds "9"]
[EventCountry "CAN"]

1. e4 c5 2. g3 Nc6 3. Bg2 g6 4. d3 Bg7 5. f4 d6 6. Nf3 Nh6 7. h3 f5 8. c3 O-O 9. O-O e6 10. Be3 b6 11. Bd2 Kh8 12. Na3 Rb8 13. Ng5 Ne7 14. Nc2 Nf7 15. Nxf7+ Rxf7 16. Ne3 Rf8 17. Re1 e5 18. fxe5 dxe5 19. Nd5 Be6 20. Nxe7 Qxe7 21. Qc2 Qd7 22. Kh2 Rbd8 23. Red1 Qf7 24. Rf1 Bxa2 25. c4 Rxd3 26. Rxa2 Rfd8 27. b3 f4 28. Be1 Qe7 29. Rf3 Rd1 30. Qe2 Qd7 31. gxf4 exf4 32. e5 Qd4 33. Rxa7 Bxe5 34. Re7 Bf6 35. Re4 Qa1 36. Rfxf4 Rf8 37. Rf3 Rdd8 38. Re6 Bd4 39. Bf2 Rxf3 40. Qxf3 Bg7 41. Qe2 Rf8 42. Bd5 Qa3 43. Bg3 Qb2 44. Qxb2 Bxb2 45. Rxb6 Bd4 46. Re6 Rb8 47. Bxb8 1-0

[Event "Bolduc III - section B"]
[Site "Montreal CAN"]
[Date "2004.04.05"]
[Round "3"]
[White "Laframboise, Marc-Andre"]
[Black "Barre, Michel"]
[Result "1-0"]
[WhiteElo "2137"]
[BlackElo "1947"]
[PlyCount "73"]
[GameId "2160767911175298"]
[EventDate "2004.03.22"]
[EventType "tourn"]
[EventRounds "9"]
[EventCountry "CAN"]

1. d4 d5 2. c4 c6 3. Nf3 Nf6 4. Nc3 dxc4 5. a4 Bf5 6. e3 e6 7. Bxc4 Bb4 8. O-O O-O 9. Qe2 Bg6 10. Rd1 Qa5 11. Bd2 Nbd7 12. e4 e5 13. d5 Rad8 14. Ne1 Qc7 15. f3 Nb6 16. dxc6 bxc6 17. Nc2 Bc5+ 18. Be3 Bxe3+ 19. Nxe3 Rd4 20. Ba2 Rfd8 21. Nc2 Rxd1+ 22. Rxd1 h5 23. a5 Nbd7 24. b4 Ne8 25. Qd3 Kf8 26. Ne3 Nef6 27. Qc4 Rc8 28. Nf5 c5 29. Nb5 Qb8 30. Nbd6 Rc7 31. Nh4 Nb6 32. axb6 Qxb6 33. Nxg6+ fxg6 34. b5 Rd7 35. Kf2 h4 36. Ke2 Qa5 37. Nc8 1-0

[Event "Bolduc III - section B"]
[Site "Montreal CAN"]
[Date "2004.04.12"]
[Round "4"]
[White "Gagnon, Michel"]
[Black "Libersan, Thierry"]
[Result "1-0"]
[WhiteElo "2163"]
[BlackElo "2080"]
[PlyCount "135"]
[GameId "2160767911175302"]
[EventDate "2004.03.22"]
[EventType "tourn"]
[EventRounds "9"]
[EventCountry "CAN"]

1. d4 d5 2. Nf3 Nf6 3. e3 Bf5 4. c4 e6 5. Qb3 Qc8 6. cxd5 exd5 7. Nc3 c6 8. Bd2 Bd6 9. Rc1 Qd7 10. Be2 O-O 11. O-O Qe7 12. Ne5 Bc8 13. f4 Nbd7 14. Bf3 Re8 15. Be1 Nf8 16. Bh4 Ng6 17. Nxg6 hxg6 18. Rce1 Be6 19. a3 Qc7 20. Qd1 Bf5 21. g4 Be4 22. Bxf6 Bxf3 23. Qxf3 gxf6 24. Re2 Kg7 25. Rff2 a5 26. Rc2 Qb6 27. Rfe2 Re7 28. Kg2 Rae8 29. h3 Qb3 30. Nd1 Qd3 31. Red2 Qe4 32. Qxe4 Rxe4 33. Kf3 g5 34. f5 R4e7 35. Re2 Bb8 36. a4 Bd6 37. Nf2 Bb8 38. Rc5 Ba7 39. Rcc2 Bb6 40. b3 Ba7 41. Rcd2 c5 42. dxc5 Bxc5 43. Rd3 b6 44. Nh1 d4 45. Ng3 dxe3 46. Nh5+ Kh6 47. Nxf6 Rc8 48. Ne4 Bb4 49. Rdxe3 Rc1 50. Nf6 Rec7 51. Nd5 Rf1+ 52. Ke4 Rc5 53. Rd3 b5 54. axb5 Rxb5 55. Rc2 Kg7 56. Rc6 Be1 57. f6+ Kg6 58. Ne7+ Kh7 59. Nd5 Bb4 60. Rc7 Kg6 61. Rc8 Ba3 62. Rg8+ Kh6 63. Rh8+ Kg6 64. Rg8+ Kh6 65. h4 Rxd5 66. Rxd5 Rf4+ 67. Kd3 Rxg4 68. hxg5+ 1-0

[Event "Bolduc III - section B"]
[Site "Montreal CAN"]
[Date "2004.04.20"]
[Round "4"]
[White "Falardeau, Bruno"]
[Black "Laframboise, Marc-Andre"]
[Result "1-0"]
[WhiteElo "2008"]
[BlackElo "2094"]
[PlyCount "53"]
[GameId "2160767911175304"]
[EventDate "2004.03.22"]
[EventType "tourn"]
[EventRounds "9"]
[EventCountry "CAN"]
[SourceTitle "EXT 2006"]
[Source "ChessBase"]
[SourceDate "2005.11.24"]
[SourceVersion "1"]
[SourceVersionDate "2005.11.24"]
[SourceQuality "1"]

1. e4 c5 2. Nc3 e6 3. f4 Nc6 4. Nf3 d5 5. Bb5 Nge7 6. Qe2 d4 7. Nd1 a6 8. Bxc6+ Nxc6 9. d3 Bd6 10. Nf2 Qc7 11. e5 Be7 12. Ne4 b5 13. Bd2 Bb7 14. Nfg5 g6 15. a4 h6 16. Nf3 g5 17. axb5 axb5 18. Rxa8+ Bxa8 19. fxg5 Nxe5 20. gxh6 Nxf3+ 21. Qxf3 Kd8 22. Qg4 f5 23. Qg7 Re8 24. Ng5 Bxg5 25. Bxg5+ Kc8 26. Qxc7+ Kxc7 27. Bf6 1-0

[Event "Bolduc III - section B"]
[Site "Montreal CAN"]
[Date "2004.04.20"]
[Round "4"]
[White "Robidas, Francois"]
[Black "Thomas, William"]
[Result "1-0"]
[WhiteElo "1995"]
[BlackElo "1998"]
[PlyCount "53"]
[GameId "2160767911175305"]
[EventDate "2004.03.22"]
[EventType "tourn"]
[EventRounds "9"]
[EventCountry "CAN"]
[SourceTitle "EXT 2006"]
[Source "ChessBase"]
[SourceDate "2005.11.24"]
[SourceVersion "1"]
[SourceVersionDate "2005.11.24"]
[SourceQuality "1"]

1. c4 f5 2. Nc3 Nf6 3. g3 g6 4. Bg2 e5 5. e3 c6 6. d4 e4 7. d5 Na6 8. Nh3 Nc5 9. O-O a5 10. f3 d6 11. fxe4 fxe4 12. Nf2 Qe7 13. Qc2 Bf5 14. g4 Bxg4 15. Nxg4 Nxg4 16. Nxe4 cxd5 17. Nxc5 dxc5 18. Bxd5 O-O-O 19. e4 Bg7 20. Rf7 Bd4+ 21. Kh1 Qd6 22. Bf4 Qb6 23. Bxb7+ Qxb7 24. Rxb7 Kxb7 25. Qb3+ Kc8 26. Qb8+ Kd7 27. Qd6+ 1-0

[Event "Bolduc III - section B"]
[Site "Montreal CAN"]
[Date "2004.04.19"]
[Round "5"]
[White "Laframboise, Marc-Andre"]
[Black "Corriveau, Philippe"]
[Result "1-0"]
[WhiteElo "2137"]
[BlackElo "2038"]
[PlyCount "55"]
[GameId "2160767911175306"]
[EventDate "2004.03.22"]
[EventType "tourn"]
[EventRounds "9"]
[EventCountry "CAN"]

1. d4 Nf6 2. c4 e6 3. Nc3 Bb4 4. e3 Ne4 5. Bd2 Bxc3 6. Bxc3 Nxc3 7. bxc3 d6 8. Bd3 c5 9. Ne2 Nc6 10. O-O O-O 11. f4 Na5 12. Ng3 f5 13. e4 g6 14. Qf3 Rb8 15. exf5 exf5 16. Qd5+ Kg7 17. dxc5 Rf6 18. Rfe1 Bd7 19. cxd6 Bc6 20. Qe5 b6 21. Bxf5 gxf5 22. Nxf5+ Kf8 23. Rad1 Nxc4 24. Qd4 b5 25. Ne7 Qxd6 26. Qxa7 Qxf4 27. Nxc6 Rxc6 28. Rf1 1-0

[Event "Bolduc III - section B"]
[Site "Montreal CAN"]
[Date "2004.04.19"]
[Round "5"]
[White "Libersan, Thierry"]
[Black "Robidas, Francois"]
[Result "0-1"]
[WhiteElo "2080"]
[BlackElo "1941"]
[PlyCount "131"]
[GameId "2160767911175307"]
[EventDate "2004.03.22"]
[EventType "tourn"]
[EventRounds "9"]
[EventCountry "CAN"]

1. e4 Nf6 2. e5 Nd5 3. d4 d6 4. Nf3 Bg4 5. exd6 cxd6 6. Be2 e6 7. O-O Be7 8. c4 Nb6 9. Nc3 d5 10. c5 N6d7 11. Bf4 Nc6 12. Nb5 O-O 13. a3 a6 14. Nd6 Bxd6 15. Bxd6 Re8 16. Re1 Bxf3 17. Bxf3 Qf6 18. Qb3 Qxd4 19. Qxb7 Nde5 20. Re3 Rec8 21. Be2 Nc4 22. Bxc4 Qxc4 23. Rf3 f6 24. Rg3 g6 25. h4 Nd4 26. Rh3 Nf5 27. h5 g5 28. h6 Qb5 29. Rb3 Qe8 30. g4 Nxh6 31. Kg2 Nxg4 32. Rh1 h5 33. Rbh3 h4 34. Rg3 Qa4 35. b4 Qb5 36. Qxb5 axb5 37. Rxg4 Kf7 38. Rh3 Rg8 39. Rd4 Ke8 40. c6 Ra6 41. Rc3 Kd8 42. Rdd3 Rg7 43. Rc5 Rb6 44. Rdc3 d4 45. Rc1 Ra7 46. c7+ Kc8 47. Rc6 Raa6 48. Rxb6 Rxb6 49. Bh2 e5 50. Kf3 Ra6 51. Ke4 Rxa3 52. Rc6 Rh3 53. Kd5 d3 54. Kc5 d2 55. Rd6 Kxc7 56. Bxe5 fxe5 57. Rxd2 Rc3+ 58. Kxb5 h3 59. Rd1 g4 60. Rg1 h2 61. Rh1 Rh3 62. Kc5 e4 63. b5 e3 64. b6+ Kb7 65. fxe3 g3 66. Rd1 0-1

[Event "Bolduc III - section B"]
[Site "Montreal CAN"]
[Date "2004.04.26"]
[Round "5"]
[White "Charbonneau, Anne-Marie"]
[Black "Gagnon, Michel"]
[Result "1-0"]
[WhiteElo "2048"]
[BlackElo "2070"]
[PlyCount "100"]
[GameId "2160767911175308"]
[EventDate "2004.03.22"]
[EventType "tourn"]
[EventRounds "9"]
[EventCountry "CAN"]
[SourceTitle "EXT 2006"]
[Source "ChessBase"]
[SourceDate "2005.11.24"]
[SourceVersion "1"]
[SourceVersionDate "2005.11.24"]
[SourceQuality "1"]

1. d4 Nf6 2. c4 e6 3. Nc3 d5 4. cxd5 exd5 5. Bg5 Nbd7 6. e3 Be7 7. Qc2 O-O 8. Bd3 c6 9. Nf3 Re8 10. O-O Nf8 11. h3 h6 12. Bf4 Be6 13. Ne5 N8d7 14. Bh2 Nxe5 15. dxe5 Nd7 16. f4 Nc5 17. Bh7+ Kh8 18. f5 Bc8 19. f6 gxf6 20. exf6 Bd6 21. Bxd6 Qxd6 22. Rf3 Ne6 23. h4 Qe5 24. Bg6 Qc7 25. Bf5 Qe5 26. Bg6 Qc7 27. Bf5 Rg8 28. Qd2 Qe5 29. Bc2 Qh5 30. Qf2 Rg4 31. Rh3 Ng5 32. hxg5 Qxh3 33. g6 fxg6 34. f7 Bf5 35. e4 dxe4 36. Nxe4 Rd8 37. Nf6 Rf8 38. Nxg4 Qxg4 39. Bb3 b6 40. Re1 c5 41. Re8 Kg7 42. Qe1 Qd4+ 43. Kh1 Qd6 44. Qc3+ Kh7 45. Rxf8 Qxf8 46. Qf6 Bd3 47. Bd5 c4 48. Qe5 h5 49. Qc7 b5 50. Qc6 b4 1-0

[Event "Bolduc III - section B"]
[Site "Montreal CAN"]
[Date "2004.04.26"]
[Round "6"]
[White "Barre, Michel"]
[Black "Libersan, Thierry"]
[Result "1/2-1/2"]
[WhiteElo "1947"]
[BlackElo "2080"]
[PlyCount "83"]
[GameId "2160767911175311"]
[EventDate "2004.03.22"]
[EventType "tourn"]
[EventRounds "9"]
[EventCountry "CAN"]

1. Nf3 Nf6 2. c4 g6 3. Nc3 Bg7 4. d4 d6 5. e4 O-O 6. h3 e5 7. dxe5 dxe5 8. Qxd8 Rxd8 9. Bg5 Re8 10. Nd5 Nxd5 11. cxd5 f6 12. Be3 Bf8 13. Bc4 Kg7 14. Rc1 c6 15. O-O b5 16. Be2 cxd5 17. Bxb5 Bd7 18. Bxd7 Nxd7 19. Rc7 Red8 20. exd5 Kg8 21. Bxa7 Bd6 22. Rb7 Nc5 23. Bxc5 Bxc5 24. Rc1 Rxd5 25. a3 e4 26. Nd2 Bxf2+ 27. Kxf2 Rxd2+ 28. Kf1 Re8 29. Rcc7 e3 30. Rg7+ Kh8 31. Rxh7+ Kg8 32. Rhg7+ Kh8 33. Rge7 Rxe7 34. Rxe7 Rxb2 35. Rxe3 Ra2 36. Kg1 Kg7 37. Kh2 Kh6 38. Kg3 Kg5 39. Kf3 Kh4 40. Re4+ Kh5 41. g3 Rxa3+ 42. Kf2 1/2-1/2

[Event "Bolduc III - section B"]
[Site "Montreal CAN"]
[Date "2004.04.26"]
[Round "6"]
[White "Charbonneau, Anne-Marie"]
[Black "Laframboise, Marc-Andre"]
[Result "1/2-1/2"]
[WhiteElo "2086"]
[BlackElo "2137"]
[PlyCount "58"]
[GameId "2160767911175312"]
[EventDate "2004.03.22"]
[EventType "tourn"]
[EventRounds "9"]
[EventCountry "CAN"]

1. d4 d5 2. c4 c6 3. Nf3 Nf6 4. Nc3 e6 5. e3 Nbd7 6. Qc2 Bd6 7. b3 e5 8. cxd5 cxd5 9. Nb5 Bb4+ 10. Bd2 Bxd2+ 11. Nxd2 O-O 12. dxe5 Nxe5 13. Be2 Bg4 14. Bxg4 Nexg4 15. O-O Qa5 16. Nd4 Rac8 17. Qb2 Qc3 18. Qxc3 Rxc3 19. Rac1 Rfc8 20. Rxc3 Rxc3 21. h3 Ne5 22. Ne2 Rc2 23. Rc1 Rxc1+ 24. Nxc1 Ne4 25. Nb1 f5 26. Ne2 Nc6 27. f3 Nf6 28. Nbc3 Kf7 29. Kf2 Ke7 1/2-1/2

[Event "Bolduc III - section B"]
[Site "Montreal CAN"]
[Date "2004.04.26"]
[Round "6"]
[White "Falardeau, Bruno"]
[Black "Thomas, William"]
[Result "1-0"]
[WhiteElo "1969"]
[BlackElo "1998"]
[PlyCount "103"]
[GameId "2160767911175314"]
[EventDate "2004.03.22"]
[EventType "tourn"]
[EventRounds "9"]
[EventCountry "CAN"]

1. e4 Nf6 2. e5 Nd5 3. d4 d6 4. c4 Nb6 5. Nf3 Bg4 6. exd6 cxd6 7. Be2 Nc6 8. b3 g6 9. Bb2 Bg7 10. Nbd2 O-O 11. O-O d5 12. Re1 e5 13. cxd5 Nxd5 14. Nxe5 Bxe2 15. Nxc6 Bxd1 16. Nxd8 Bxb3 17. Nxb7 Bc2 18. Rac1 Rab8 19. Rxc2 Rxb7 20. Ba3 Rd8 21. Nf3 Bf6 22. Rce2 g5 23. Bc5 Nf4 24. Re8+ Rxe8 25. Rxe8+ Kg7 26. h3 Rb1+ 27. Re1 Rxe1+ 28. Nxe1 Ne2+ 29. Kf1 Bxd4 30. Bxa7 Ng3+ 31. fxg3 Bxa7 32. Nd3 Kf6 33. Ke2 Kf5 34. Kf3 h5 35. g4+ hxg4+ 36. hxg4+ Ke6 37. Ke4 f6 38. a4 Kd6 39. Nb4 Bb6 40. Nd5 Bd8 41. Ne3 Kc5 42. Kf5 Kd4 43. Nf1 Bc7 44. Kxf6 Bf4 45. Kf5 Kd3 46. a5 Ke2 47. a6 Bb8 48. Ng3+ Kf2 49. Ne4+ Kxg2 50. Nxg5 Kg3 51. Ne6 Kh4 52. Nd4 1-0

[Event "Bolduc III - section B"]
[Site "Montreal CAN"]
[Date "2004.04.26"]
[Round "6"]
[White "Gagnon, Michel"]
[Black "Robidas, Francois"]
[Result "1/2-1/2"]
[WhiteElo "2163"]
[BlackElo "1941"]
[PlyCount "88"]
[GameId "2160767911175315"]
[EventDate "2004.03.22"]
[EventType "tourn"]
[EventRounds "9"]
[EventCountry "CAN"]

1. d4 d5 2. Nf3 c5 3. e3 Nc6 4. c3 Nf6 5. Bd3 Bg4 6. Nbd2 e6 7. Qa4 c4 8. Bb1 Qc7 9. Ne5 Bh5 10. f4 Bd6 11. O-O O-O 12. Nxc6 bxc6 13. g3 c5 14. Nf3 Bg6 15. Bxg6 hxg6 16. Ng5 Nd7 17. Qc2 Be7 18. Nh3 f5 19. Rf2 Rab8 20. Rg2 Nf6 21. Nf2 Ne4 22. g4 Kf7 23. Nxe4 fxe4 24. g5 Rh8 25. Rb1 Qc6 26. b3 cxd4 27. exd4 Rhe8 28. b4 Bd6 29. a4 a6 30. Be3 Rh8 31. Rf1 Rbf8 32. Bf2 Ke7 33. Bg3 Rf5 34. Rgf2 Rhf8 35. a5 Qd7 36. Qd1 Qc7 37. Qd2 Rb8 38. Qd1 Rbf8 39. Qd2 Rb8 40. Qe3 Rbf8 41. Kg2 Qc6 42. h4 Qc7 43. Qc1 Qc6 44. Qd1 Qc7 1/2-1/2

[Event "Bolduc III - section B"]
[Site "Montreal CAN"]
[Date "2004.05.03"]
[Round "7"]
[White "Laframboise, Marc-Andre"]
[Black "Gagnon, Michel"]
[Result "1-0"]
[WhiteElo "2137"]
[BlackElo "2163"]
[PlyCount "79"]
[GameId "2160767911175317"]
[EventDate "2004.03.22"]
[EventType "tourn"]
[EventRounds "9"]
[EventCountry "CAN"]

1. d4 d5 2. c4 dxc4 3. e4 e5 4. Nf3 exd4 5. Nxd4 Bc5 6. Be3 Nc6 7. Nxc6 Qxd1+ 8. Kxd1 Bxe3 9. fxe3 bxc6 10. Bxc4 Nf6 11. Nc3 O-O 12. h3 Nd7 13. Rc1 Nc5 14. Na4 Rd8+ 15. Ke1 Be6 16. Bxe6 Nd3+ 17. Ke2 Nxc1+ 18. Rxc1 fxe6 19. Rxc6 Rac8 20. Rxe6 Re8 21. Ra6 Rxe4 22. Nc3 Rb4 23. b3 Rb7 24. Ne4 Ra8 25. Rc6 a5 26. Nc5 Rba7 27. e4 Rb8 28. Nd3 Rb6 29. Rc2 c6 30. Ke3 Rd7 31. Rc5 Ra6 32. Ne5 Rd8 33. Nxc6 Rda8 34. Kd4 a4 35. b4 a3 36. b5 Rb6 37. e5 Kf7 38. Rd5 Ke8 39. Kc5 Rb7 40. e6 1-0

[Event "Bolduc III - section B"]
[Site "Montreal CAN"]
[Date "2004.05.03"]
[Round "7"]
[White "Libersan, Thierry"]
[Black "Falardeau, Bruno"]
[Result "1/2-1/2"]
[WhiteElo "2080"]
[BlackElo "1969"]
[PlyCount "57"]
[GameId "2160767911175318"]
[EventDate "2004.03.22"]
[EventType "tourn"]
[EventRounds "9"]
[EventCountry "CAN"]

1. e4 c5 2. Nf3 Nc6 3. d4 cxd4 4. Nxd4 e6 5. Nxc6 bxc6 6. Bd3 Nf6 7. O-O e5 8. Bg5 Be7 9. Nd2 Rb8 10. b3 d5 11. Qe2 Qc7 12. Rae1 Nxe4 13. Nxe4 dxe4 14. Bxe7 exd3 15. Qxe5 Qxe5 16. Rxe5 Be6 17. Bc5 dxc2 18. Rc1 Kd7 19. Rxc2 Rhe8 20. f4 a6 21. Rce2 Bd5 22. Re7+ Rxe7 23. Rxe7+ Kc8 24. Re8+ Kb7 25. Re7+ Kc8 26. Ra7 Rb5 27. b4 Bxa2 28. Rxa6 Bd5 29. Ra7 1/2-1/2

[Event "Bolduc III - section B"]
[Site "Montreal CAN"]
[Date "2004.05.03"]
[Round "7"]
[White "Robidas, Francois"]
[Black "Barre, Michel"]
[Result "1/2-1/2"]
[WhiteElo "1941"]
[BlackElo "1947"]
[PlyCount "74"]
[GameId "2160767911175319"]
[EventDate "2004.03.22"]
[EventType "tourn"]
[EventRounds "9"]
[EventCountry "CAN"]

1. e4 d5 2. exd5 Qxd5 3. Nc3 Qd6 4. d4 Nf6 5. Nf3 a6 6. Be2 Nc6 7. O-O Bg4 8. h3 Bh5 9. g4 Bg6 10. a3 e6 11. Be3 Be7 12. Qd2 Rd8 13. Bf4 Qd7 14. Rad1 h6 15. Rfe1 Bd6 16. Be3 Ne4 17. Nxe4 Bxe4 18. c4 Be7 19. Qc3 Bf6 20. Ne5 Bxe5 21. dxe5 Qe7 22. Rxd8+ Qxd8 23. Bc5 Qg5 24. Bf3 Bxf3 25. Qxf3 h5 26. Qg3 hxg4 27. hxg4 Qd2 28. Qe3 Qxe3 29. Rxe3 b6 30. Bb4 Nxb4 31. axb4 Ke7 32. Kg2 Rd8 33. Kf3 Rd4 34. Re4 Rd2 35. Re2 Rd1 36. Ke3 Ra1 37. Kd4 Rd1+ 1/2-1/2

[Event "Bolduc III - section B"]
[Site "Montreal CAN"]
[Date "2004.05.03"]
[Round "7"]
[White "Thomas, William"]
[Black "Corriveau, Philippe"]
[Result "1-0"]
[WhiteElo "1998"]
[BlackElo "2038"]
[PlyCount "71"]
[GameId "2160767911175320"]
[EventDate "2004.03.22"]
[EventType "tourn"]
[EventRounds "9"]
[EventCountry "CAN"]

1. d4 e6 2. e3 f5 3. Be2 Nf6 4. Nh3 d5 5. Nd2 Bd6 6. c4 c6 7. c5 Bc7 8. b4 b6 9. a4 bxc5 10. dxc5 O-O 11. Bb2 e5 12. Qb3 f4 13. e4 Kh8 14. Ng5 h6 15. h4 Qe7 16. Rc1 g6 17. exd5 cxd5 18. Ngf3 Nc6 19. Bb5 Nd8 20. O-O Kh7 21. Rfe1 a6 22. Nxe5 axb5 23. Nxg6 Qg7 24. Nxf8+ Qxf8 25. Qd3+ Kg7 26. h5 Qf7 27. Re7 Qxe7 28. Qg6+ Kf8 29. Bxf6 Qf7 30. Qxh6+ Ke8 31. Re1+ Ne6 32. axb5 Rb8 33. b6 Bxb6 34. cxb6 Rxb6 35. Qxf4 Kd7 36. Qf5 1-0

[Event "Bolduc III - section B"]
[Site "Montreal CAN"]
[Date "2004.05.10"]
[Round "8"]
[White "Charbonneau, Anne-Marie"]
[Black "Thomas, William"]
[Result "1-0"]
[WhiteElo "2086"]
[BlackElo "1998"]
[PlyCount "103"]
[GameId "2160767911175321"]
[EventDate "2004.03.22"]
[EventType "tourn"]
[EventRounds "9"]
[EventCountry "CAN"]

1. d4 f5 2. g3 Nf6 3. Bg2 d6 4. Nf3 g6 5. O-O Bg7 6. c4 c6 7. d5 O-O 8. Nc3 e5 9. dxe6 Bxe6 10. b3 Qe7 11. Nd4 Bf7 12. Rb1 Ne4 13. Bb2 Na6 14. a3 Nac5 15. b4 Nxc3 16. Bxc3 Ne4 17. Bxe4 fxe4 18. Qb3 e3 19. f3 a6 20. Nc2 b5 21. Bxg7 Kxg7 22. Qc3+ Qf6 23. Qxf6+ Kxf6 24. cxb5 axb5 25. Rfd1 Rfe8 26. Rxd6+ Re6 27. Rbd1 g5 28. Rxe6+ Kxe6 29. Rd3 Bg6 30. Rxe3+ Kd5 31. Ne1 Kd4 32. Kf2 Bf5 33. Ng2 Ra7 34. h4 h6 35. hxg5 hxg5 36. g4 Bh7 37. f4 gxf4 38. Nxf4 Be4 39. Ne6+ Kd5 40. Nc5 Bc2 41. g5 Rg7 42. Rg3 Ke5 43. Nd3+ Kf5 44. Ke3 Re7+ 45. Kd2 Bb3 46. g6 Bc4 47. g7 Re8 48. Rg2 Ra8 49. Rf2+ Ke4 50. Rf8 Rxa3 51. g8=Q Ra2+ 52. Ke1 1-0

[Event "Bolduc III - section B"]
[Site "Montreal CAN"]
[Date "2004.05.10"]
[Round "8"]
[White "Corriveau, Philippe"]
[Black "Libersan, Thierry"]
[Result "1-0"]
[WhiteElo "2038"]
[BlackElo "2080"]
[PlyCount "95"]
[GameId "2160767911175322"]
[EventDate "2004.03.22"]
[EventType "tourn"]
[EventRounds "9"]
[EventCountry "CAN"]

1. f4 c5 2. Nf3 Nc6 3. b3 Nf6 4. Bb2 d6 5. e3 e6 6. a3 Be7 7. Bd3 O-O 8. O-O Ne8 9. Nc3 Bf6 10. Qe1 g6 11. Qg3 Ng7 12. Ng5 d5 13. Qh4 h5 14. Na4 Bxb2 15. Nxb2 e5 16. fxe5 Nxe5 17. Qf4 Qe7 18. Rae1 f6 19. Nf3 g5 20. Qg3 Nxd3 21. Nxd3 h4 22. Nxh4 gxh4 23. Qxh4 Nf5 24. Qh5 Qh7 25. Qxh7+ Kxh7 26. Nxc5 b6 27. Nd3 Nd6 28. Nf4 Bb7 29. Rf3 Rf7 30. d3 f5 31. Ne6 Re7 32. Nd4 Rc8 33. Ref1 Kg8 34. R1f2 Rcc7 35. Kf1 b5 36. Ke2 a5 37. Kd2 Bc8 38. Rg3+ Rg7 39. Rff3 Kf8 40. Ne2 Be6 41. Nf4 Bf7 42. Rxg7 Kxg7 43. Rg3+ Kf6 44. Rh3 Kg7 45. Rg3+ Kf6 46. Rg6+ Ke7 47. Rg7 Kf8 48. Ne6+ 1-0

[Event "Bolduc III - section B"]
[Site "Montreal CAN"]
[Date "2004.05.10"]
[Round "8"]
[White "Falardeau, Bruno"]
[Black "Robidas, Francois"]
[Result "1-0"]
[WhiteElo "1969"]
[BlackElo "1941"]
[PlyCount "85"]
[GameId "2160767911175323"]
[EventDate "2004.03.22"]
[EventType "tourn"]
[EventRounds "9"]
[EventCountry "CAN"]

1. e4 Nf6 2. Nc3 d5 3. exd5 Nxd5 4. Nf3 Bg4 5. d4 e6 6. Be2 Nd7 7. Ne4 Be7 8. O-O O-O 9. Ng3 c5 10. c4 N5f6 11. dxc5 Bxc5 12. h3 Bxf3 13. Bxf3 Qc7 14. Kh1 Rfd8 15. Qc2 Rac8 16. Ne4 Bd4 17. Rb1 b5 18. Rd1 Be5 19. b3 bxc4 20. Qxc4 Nd5 21. Qxc7 Rxc7 22. Bb2 Rc2 23. Rd2 Rdc8 24. Bd1 R2c6 25. Bxe5 Nxe5 26. b4 Nc4 27. Rd4 Na3 28. Rb3 Nb5 29. Rd2 Rc1 30. Kh2 Kf8 31. Be2 Nbc3 32. Nxc3 R8xc3 33. Rxc3 Rxc3 34. b5 Ke7 35. Bf3 Kd6 36. Rb2 Kc5 37. a4 Rc4 38. a5 Nb4 39. Be2 Rc2 40. Rxc2+ Nxc2 41. b6 axb6 42. a6 Nd4 43. a7 1-0

[Event "Bolduc III - section B"]
[Site "Montreal CAN"]
[Date "2004.05.10"]
[Round "8"]
[White "Gagnon, Michel"]
[Black "Barre, Michel"]
[Result "1-0"]
[WhiteElo "2163"]
[BlackElo "1947"]
[PlyCount "106"]
[GameId "2160767911175324"]
[EventDate "2004.03.22"]
[EventType "tourn"]
[EventRounds "9"]
[EventCountry "CAN"]

1. e4 d5 2. exd5 Qxd5 3. Nc3 Qd6 4. Nf3 Nf6 5. Be2 a6 6. O-O Nc6 7. d4 Bg4 8. h3 Bxf3 9. Bxf3 O-O-O 10. d5 Nb4 11. Qe2 e6 12. dxe6 Qxe6 13. Be3 Nbd5 14. Nxd5 Nxd5 15. Rad1 Be7 16. Bxd5 Rxd5 17. Rxd5 Qxd5 18. Qg4+ f5 19. Qd4 Qxd4 20. Bxd4 Rg8 21. Re1 Bd6 22. c4 Kd7 23. Rd1 Ke6 24. Kf1 g5 25. Bc3 g4 26. hxg4 Rxg4 27. b3 Rh4 28. Rd3 Rh1+ 29. Ke2 Rc1 30. Bd4 Rc2+ 31. Rd2 Rxd2+ 32. Kxd2 b6 33. Ke3 Bf8 34. f4 Be7 35. a4 Kd6 36. Kd3 Kc6 37. Bc3 Bd6 38. Bd2 Kd7 39. b4 c5 40. b5 a5 41. Ke3 Ke6 42. Kf3 h5 43. Kg3 Be7 44. Kh3 Bf6 45. Be1 Kd7 46. Bh4 Ke6 47. Bg5 Bxg5 48. fxg5 Ke5 49. Kh4 Kd4 50. g6 Kxc4 51. g7 Kb4 52. g8=Q Kxa4 53. Qc4+ Ka3 1-0

[Event "Bolduc III - section B"]
[Site "Montreal CAN"]
[Date "2004.05.17"]
[Round "9"]
[White "Barre, Michel"]
[Black "Falardeau, Bruno"]
[Result "1/2-1/2"]
[WhiteElo "1947"]
[BlackElo "1969"]
[PlyCount "83"]
[GameId "2160767911175327"]
[EventDate "2004.03.22"]
[EventType "tourn"]
[EventRounds "9"]
[EventCountry "CAN"]

1. d4 d5 2. Nf3 Nf6 3. e3 Bg4 4. c4 e6 5. Qb3 b6 6. Ne5 Bd6 7. Nxg4 Nxg4 8. cxd5 exd5 9. Nc3 c6 10. Be2 Qh4 11. Bxg4 Qxg4 12. O-O Qh5 13. h3 O-O 14. e4 dxe4 15. Nxe4 Qg6 16. Nxd6 Qxd6 17. Be3 Nd7 18. Rac1 Nf6 19. Rc2 Rfc8 20. Rfc1 Rc7 21. a3 Nd5 22. Qd3 Re8 23. Bg5 h6 24. Bh4 Nf4 25. Qf3 Qxd4 26. Bg3 g5 27. Bxf4 Qxf4 28. Qxf4 gxf4 29. Rxc6 Rxc6 30. Rxc6 Re1+ 31. Kh2 Re2 32. f3 Rxb2 33. Rc4 b5 34. Rxf4 Ra2 35. Rb4 Rxa3 36. Rxb5 a5 37. h4 Ra1 38. Kg3 a4 39. Ra5 a3 40. Kf4 a2 41. g4 Kg7 42. Ra6 1/2-1/2